[Event "Tbilisi Gaprindashvili Cup"]
[Site "Tbilisi"]
[Date "2017.11.21"]
[Round "9"]
[White "Paichadze, Luka"]
[Black "Qalagashvili, Pridon"]
[Result "1-0"]
[WhiteElo "2580"]
[BlackElo "2086"]
[PlyCount "33"]
[EventDate "2017.11.13"]
[EventType "swiss"]
[EventRounds "9"]
[EventCountry "GEO"]
[SourceTitle "CBM 181 Extra"]
[Source "ChessBase"]
[SourceDate "2017.12.12"]
[SourceVersion "1"]
[SourceVersionDate "2017.12.12"]
[SourceQuality "1"]

1. e4 c5 2. Nf3 d6 3. d4 cxd4 4. Qxd4 Nc6 5. Bb5 Bd7 6. Bxc6 Bxc6 7. Nc3 Nf6 8. Bg5 e6 9. Bxf6 gxf6 10. 0-0-0 Rg8 11. h4 Rxg2 12. Rhg1 Rxg1 13. Rxg1 f5 14. Rg8 h6 15. exf5 e5 16. Nxe5 Qb6 17. Qxd6 1-0

[Event "Tbilisi Gaprindashvili Cup"]
[Site "Tbilisi"]
[Date "2017.11.20"]
[Round "8"]
[White "Qalagashvili, Pridon"]
[Black "Shanava, Konstantine"]
[Result "1-0"]
[WhiteElo "2086"]
[BlackElo "2512"]
[PlyCount "133"]
[EventDate "2017.11.13"]
[EventType "swiss"]
[EventRounds "9"]
[EventCountry "GEO"]
[SourceTitle "CBM 181 Extra"]
[Source "ChessBase"]
[SourceDate "2017.12.12"]
[SourceVersion "1"]
[SourceVersionDate "2017.12.12"]
[SourceQuality "1"]

1. d4 Nf6 2. c4 e6 3. g3 d5 4. Bg2 Be7 5. Nf3 0-0 6. 0-0 dxc4 7. Na3 Bxa3 8. bxa3 Nc6 9. Bb2 Rb8 10. Qc2 b5 11. Rad1 Ne7 12. e4 c6 13. Rfe1 h6 14. Qc1 Ng6 15. h4 Re8 16. Nh2 Bb7 17. Bf3 Qe7 18. h5 Nf8 19. g4 N6d7 20. Bg2 c5 21. d5 e5 22. f4 exf4 23. Nf3 Nh7 24. e5 Ng5 25. Qxf4 Nb6 26. Nxg5 Qxg5 27. Qg3 f5 28. Bc1 Qxg4 29. Qxg4 fxg4 30. e6 Rbd8 31. d6 Bc8 32. e7 Rd7 33. Bc6 a6 34. Re5 Bb7 35. Bxb7 Rxb7 36. Rxc5 Rd7 37. Rd4 c3 38. Rxc3 Nc4 39. Bf4 Kf7 40. a4 Nb6 41. axb5 axb5 42. Bg3 Ra7 43. Rf4+ Ke6 44. Rf8 Raa8 45. Rxe8 Rxe8 46. Rb3 Nd7 47. Rxb5 Rc8 48. Rb7 Nf6 49. Bf4 Ra8 50. Rb5 Kd7 51. Be5 Nxh5 52. a4 Nf6 53. a5 Ne4 54. Rb6 Nc5 55. Bxg7 Na4 56. Rb4 Nc5 57. Bf8 h5 58. Rb5 Rc8 59. a6 Ke8 60. a7 Nd7 61. Rxh5 Rc1+ 62. Kg2 Rc2+ 63. Kg3 Rc3+ 64. Kf4 Rc4+ 65. Ke3 Nb6 66. Rh8 Kf7 67. Bh6 1-0

[Event "Poti Aleksandria Cup 9th"]
[Site "Poti"]
[Date "2014.07.16"]
[Round "5"]
[White "Imnadze, Nato"]
[Black "Qalagashvili, Pridon"]
[Result "1-0"]
[WhiteElo "2101"]
[BlackElo "2117"]
[PlyCount "94"]
[EventDate "2014.07.13"]
[EventType "swiss"]
[EventRounds "9"]
[EventCountry "GEO"]
[SourceTitle "CBM 161 Extra"]
[Source "ChessBase"]
[SourceDate "2014.08.29"]
[SourceVersion "1"]
[SourceVersionDate "2014.08.29"]
[SourceQuality "1"]

1. e4 c5 2. Nf3 e6 3. d4 cxd4 4. Nxd4 a6 5. Bd3 Nf6 6. 0-0 d6 7. Qe2 Nbd7 8. c4 b6 9. f4 g6 10. Nc3 Qc7 11. Be3 Bg7 12. Rac1 0-0 13. b4 Bb7 14. Nb3 Rac8 15. h3 Qb8 16. Qf2 Qa8 17. Nd2 d5 18. e5 Ne4 19. Ndxe4 dxe4 20. Be2 g5 21. Qg3 gxf4 22. Bxf4 Kh8 23. Rcd1 Rc7 24. Rd6 Rg8 25. Nd1 Nf8 26. Bh5 b5 27. c5 a5 28. a3 axb4 29. axb4 Qa4 30. Qc3 Ng6 31. Bxg6 hxg6 32. Ne3 Ra8 33. Nc2 Qa7 34. Bg5 Qb8 35. Rfd1 Rc8 36. c6 Bf8 37. Qg3 Bxc6 38. Qh4+ Kg8 39. Bf6 Bg7 40. Rd8+ Rxd8 41. Rxd8+ Qxd8 42. Bxd8 Bxe5 43. Bf6 Bxf6 44. Qxf6 Ra2 45. Ne3 Re2 46. Qg5 Rd2 47. h4 Kf8 1-0

[Event "Tbilisi Cup"]
[Site "Tbilisi"]
[Date "2010.05.16"]
[Round "2"]
[White "Magalashvili, Davit"]
[Black "Qalagashvili, Pridon"]
[Result "1-0"]
[WhiteElo "2461"]
[BlackElo "2161"]
[PlyCount "111"]
[EventDate "2010.05.15"]
[EventType "swiss"]
[EventRounds "9"]
[EventCountry "GEO"]
[SourceTitle "CBM 136 Extra"]
[Source "ChessBase"]
[SourceDate "2010.07.02"]
[SourceVersion "2"]
[SourceVersionDate "2010.07.15"]
[SourceQuality "1"]

1. d4 c5 2. d5 e5 3. e4 d6 4. Nc3 g6 5. Bb5+ Nd7 6. a4 f6 7. Nf3 Nh6 8. 0-0 Nf7 9. Nd2 Be7 10. Be2 0-0 11. Nc4 f5 12. f4 exf4 13. Bxf4 g5 14. Bd2 f4 15. g3 fxg3 16. hxg3 Nde5 17. Ne3 Nh6 18. Kg2 Bd7 19. Bb5 Rxf1 20. Qxf1 a6 21. Bxd7 Qxd7 22. Qh1 Bf8 23. Qh5 Nhf7 24. Nf5 h6 25. Nd1 Qd8 26. Nde3 Qf6 27. Rh1 Kh7 28. Bc3 Qg6 29. Qe2 Re8 30. a5 Nd7 31. Qc4 Nfe5 32. Bxe5 Nxe5 33. Qa4 Rc8 34. Ng4 Rd8 35. Nxe5 dxe5 36. g4 b5 37. axb6 Qxb6 38. b3 Qb4 39. Qxb4 cxb4 40. Ne3 Bc5 41. Nc4 Bd4 42. Rf1 Kg6 43. Na5 h5 44. Nc6 Rd7 45. gxh5+ Kxh5 46. Nxb4 Kg4 47. Nc6 Rh7 48. Nxd4 exd4 49. d6 d3 50. cxd3 Rh3 51. Rd1 Rg3+ 52. Kf2 Rf3+ 53. Ke2 Rf6 54. e5 Re6 55. d4 Kf4 56. d7 1-0

[Event "Tbilisi Municipality Cup"]
[Site "Tbilisi"]
[Date "2009.06.20"]
[Round "6"]
[White "Mamedjarova, Zeinab"]
[Black "Qalagashvili, Pridon"]
[Result "1-0"]
[WhiteElo "2316"]
[BlackElo "2170"]
[PlyCount "89"]
[EventDate "2009.06.15"]
[EventType "swiss"]
[EventRounds "9"]
[EventCountry "GEO"]
[SourceTitle "CBM 130 Extra"]
[Source "ChessBase"]
[SourceDate "2009.07.02"]
[SourceVersion "2"]
[SourceVersionDate "2009.07.15"]
[SourceQuality "1"]

1. d4 c5 2. e3 Nf6 3. Nf3 e6 4. Bd3 d6 5. 0-0 Nbd7 6. b3 cxd4 7. exd4 Be7 8. c4 0-0 9. Nc3 a6 10. Re1 b6 11. Bc2 Bb7 12. Qd3 Re8 13. Bg5 Nf8 14. a4 Rc8 15. a5 bxa5 16. Ra2 Ng6 17. Rea1 d5 18. c5 Ne4 19. Bxe7 Qxe7 20. Ne2 e5 21. Rxa5 exd4 22. Qxd4 Nxc5 23. Ng3 Ne6 24. Qb2 Ngf4 25. Nf5 Qc7 26. Bd1 d4 27. h4 Qc3 28. Qxc3 dxc3 29. Nd6 Bxf3 30. Bxf3 c2 31. Nxe8 Rxe8 32. Bd1 Nd4 33. Bxc2 Nxc2 34. R1a4 Nd3 35. Rxa6 Re1+ 36. Kh2 h5 37. Rc4 Ncb4 38. Ra8+ Kh7 39. Rb8 Na2 40. Kg3 Re2 41. Rb5 f6 42. Rc7 Re4 43. Rxh5+ Kg6 44. Rd5 Ndc1 45. Ra7 1-0

[Event "GEO-ch I Liga"]
[Site "Tbilisi"]
[Date "2002.05.01"]
[Round "7"]
[White "Tsereteli, Tamari"]
[Black "Qalagashvili, Pridon"]
[Result "1/2-1/2"]
[WhiteElo "2223"]
[BlackElo "2223"]
[PlyCount "99"]
[EventDate "2002.05.??"]
[EventType "swiss"]
[EventRounds "9"]
[EventCountry "GEO"]
[SourceTitle "EXT 2004"]
[Source "ChessBase"]
[SourceDate "2003.11.25"]
[SourceVersion "1"]
[SourceVersionDate "2003.11.25"]
[SourceQuality "1"]

1. e4 c5 2. Nf3 e6 3. d4 cxd4 4. Nxd4 Nf6 5. Nc3 d6 6. g4 a6 7. g5 Nfd7 8. Bc4 Ne5 9. Bb3 Nbc6 10. Nxc6 Nxc6 11. Be3 Be7 12. Qd2 b5 13. 0-0-0 Bb7 14. f4 Na5 15. Qd4 0-0 16. h4 Rc8 17. h5 Nxb3+ 18. axb3 f6 19. Rdg1 e5 20. Qd2 Rxc3 21. bxc3 Bxe4 22. Rh3 Qa5 23. Kb2 exf4 24. Bxf4 d5 25. b4 Qb6 26. Rhg3 a5 27. g6 h6 28. Bxh6 axb4 29. cxb4 Rc8 30. Rc1 Rc4 31. Rb3 f5 32. Bg5 Bd6 33. Bf4 Bf8 34. Be5 d4 35. c3 d3 36. Ra3 Qe6 37. Bd4 Bxb4 38. cxb4 Rxd4 39. Rc5 Qf6 40. Kb1 Rxb4+ 41. Qxb4 d2+ 42. Ka2 Qe6+ 43. Qb3 Qxb3+ 44. Rxb3 Kf8 45. h6 d1Q 46. h7 Qd2+ 47. Ka3 Qa5+ 48. Kb2 Qd2+ 49. Ka3 Qa5+ 50. Kb2 1/2-1/2

[Event "GEO-ch I Liga"]
[Site "Tbilisi"]
[Date "2002.04.29"]
[Round "5"]
[White "Qalagashvili, Pridon"]
[Black "Shanava, Konstantine"]
[Result "0-1"]
[WhiteElo "2223"]
[BlackElo "2377"]
[PlyCount "56"]
[EventDate "2002.05.??"]
[EventType "swiss"]
[EventRounds "9"]
[EventCountry "GEO"]
[SourceTitle "EXT 2004"]
[Source "ChessBase"]
[SourceDate "2003.11.25"]
[SourceVersion "1"]
[SourceVersionDate "2003.11.25"]
[SourceQuality "1"]

1. c4 c6 2. g3 Nf6 3. Bg2 d5 4. Nf3 g6 5. 0-0 Bg7 6. d4 0-0 7. Nc3 dxc4 8. a4 Na6 9. e4 Bg4 10. Be3 e5 11. dxe5 Nd7 12. e6 fxe6 13. h3 Bxf3 14. Bxf3 Ne5 15. Be2 Nd3 16. Bxd3 Qxd3 17. Qg4 Qd7 18. Rad1 Qe7 19. Bg5 Qf7 20. Rd6 Nc5 21. Be3 Nd3 22. f4 Nxb2 23. Ne2 Rae8 24. Nd4 Be5 25. fxe5 Qxf1+ 26. Kh2 Nd1 27. Rxe6 Nxe3 28. Rxg6+ Kh8 0-1

[Event "Tbilisi Prise of Meria op"]
[Site "Tbilisi"]
[Date "2002.02.19"]
[Round "3"]
[White "Qalagashvili, Pridon"]
[Black "Lobzhanidze, Nikoloz"]
[Result "1/2-1/2"]
[WhiteElo "2223"]
[BlackElo "2063"]
[PlyCount "49"]
[EventDate "2002.02.26"]
[EventType "swiss"]
[EventRounds "7"]
[EventCountry "GEO"]
[SourceTitle "EXT 2004"]
[Source "ChessBase"]
[SourceDate "2003.11.25"]
[SourceVersion "1"]
[SourceVersionDate "2003.11.25"]
[SourceQuality "1"]

1. c4 Nf6 2. Nc3 c6 3. Nf3 d5 4. d4 dxc4 5. a4 Bf5 6. e3 e6 7. Bxc4 Bb4 8. 0-0 Nbd7 9. Qb3 a5 10. Ne5 Nxe5 11. dxe5 Ng4 12. e4 Bg6 13. Bf4 Qc7 14. Bxe6 Nxe5 15. Bg3 0-0 16. Bh3 Qe7 17. f4 Nd3 18. e5 Nc5 19. Qa2 Bc2 20. f5 Nb3 21. Rae1 Rad8 22. f6 Qc5+ 23. Bf2 Qc4 24. e6 Rd6 25. Bg3 1/2-1/2

[Event "Tbilisi Prise of Meria op"]
[Site "Tbilisi"]
[Date "2002.02.18"]
[Round "2"]
[White "Shengelia, Davit"]
[Black "Qalagashvili, Pridon"]
[Result "1-0"]
[WhiteElo "2411"]
[BlackElo "2223"]
[PlyCount "105"]
[EventDate "2002.02.26"]
[EventType "swiss"]
[EventRounds "7"]
[EventCountry "GEO"]
[SourceTitle "EXT 2004"]
[Source "ChessBase"]
[SourceDate "2003.11.25"]
[SourceVersion "1"]
[SourceVersionDate "2003.11.25"]
[SourceQuality "1"]

1. d4 c5 2. e3 g6 3. Nf3 Bg7 4. Be2 Nf6 5. 0-0 0-0 6. c3 b6 7. b3 Bb7 8. Bb2 d6 9. Nbd2 Nc6 10. c4 Nd7 11. Qb1 e5 12. Ne4 Qe7 13. Nc3 Nb4 14. dxc5 dxc5 15. a3 Na6 16. e4 Nc7 17. Bd3 Ne6 18. Nd5 Bxd5 19. cxd5 Nd4 20. Nxd4 exd4 21. h3 g5 22. Qc2 Ne5 23. f4 gxf4 24. Rxf4 Qg5 25. Raf1 Qg3 26. Bc4 Rad8 27. Bc1 Rd6 28. Rf5 Bh6 29. Bxh6 Rxh6 30. Qf2 Qxf2+ 31. R1xf2 f6 32. Kf1 Kg7 33. g4 Rg6 34. Ke2 h6 35. Kd2 Re8 36. R5f4 Nf7 37. h4 Ne5 38. Be2 Rf8 39. a4 a6 40. Rf1 b5 41. axb5 axb5 42. Bxb5 Nxg4 43. Rc1 Ne5 44. Rxc5 Rg2+ 45. Kd1 Ra8 46. Ba4 Nd3 47. Rc7+ Kg6 48. Rf5 h5 49. Rc6 Nf2+ 50. Rxf2 Rxf2 51. e5 Rd8 52. d6 Kf5 53. d7 1-0

[Event "Batumi op"]
[Site "Batumi"]
[Date "2001.07.02"]
[Round "6"]
[White "Shalamberidze, Akaki"]
[Black "Qalagashvili, Pridon"]
[Result "1-0"]
[WhiteElo "2404"]
[BlackElo "2231"]
[PlyCount "62"]
[EventDate "2001.06.26"]
[EventType "swiss"]
[EventRounds "9"]
[EventCountry "GEO"]
[SourceTitle "EXT 2002"]
[Source "ChessBase"]
[SourceDate "2001.11.25"]
[SourceVersion "1"]
[SourceVersionDate "2001.11.25"]
[SourceQuality "1"]

1. d4 c5 2. d5 Nf6 3. Nc3 g6 4. e4 d6 5. Nf3 Bg7 6. Be2 0-0 7. 0-0 Na6 8. Nd2 Nc7 9. a4 b6 10. Nc4 Bb7 11. Bf4 Rb8 12. Qd2 Re8 13. Rad1 Nd7 14. Bh6 Bh8 15. f4 Ba6 16. e5 Bxc4 17. Bxc4 dxe5 18. d6 exd6 19. Qxd6 Nf6 20. fxe5 Qxd6 21. Rxd6 Rxe5 22. Rdxf6 Bxf6 23. Rxf6 Ne6 24. Nd5 Rb7 25. Rf1 Nd4 26. Ba6 Rxd5 27. Bxb7 Rh5 28. Bf4 Ne2+ 29. Kh1 Rf5 30. g3 g5 31. Ba8 Nd4 1-0

[Event "GEO-ch"]
[Site "Tbilisi"]
[Date "2001.03.30"]
[Round "1.2"]
[White "Izoria, Zviad"]
[Black "Qalagashvili, Pridon"]
[Result "1-0"]
[WhiteElo "2466"]
[BlackElo "2261"]
[PlyCount "51"]
[EventDate "2001.??.??"]
[EventType "k.o."]
[EventRounds "5"]
[EventCountry "GEO"]
[SourceTitle "EXT 2004"]
[Source "ChessBase"]
[SourceDate "2003.11.25"]
[SourceVersion "1"]
[SourceVersionDate "2003.11.25"]
[SourceQuality "1"]

1. d4 c5 2. d5 Nf6 3. c4 e5 4. Nc3 d6 5. e4 g6 6. Nf3 Bg7 7. h3 0-0 8. g4 Nbd7 9. Bd3 a6 10. a4 Rb8 11. Bg5 h6 12. Be3 h5 13. Ng5 Re8 14. Be2 hxg4 15. hxg4 Nf8 16. Kd2 Re7 17. Qg1 Ne8 18. Qh2 f6 19. Nh7 Nd7 20. g5 f5 21. exf5 gxf5 22. Nf6+ Kf8 23. Qh8+ Bxh8 24. Rxh8+ Kf7 25. Bh5+ Kg7 26. Rg8# 1-0